000 02112cam a22004214i 4500
003 PE-LiUPU
005 20250731183430.0
008 150706s r 000 0 d
035 _a(Sirsi) a50274
040 _aPE-LiUPU
_bspa
_cPE-LiUPU
_erda
049 _aPRUA
082 0 4 _a720.986105
_bE78
_221
245 0 1 _aIndustrias, coliseos /
_cSociedad Bolivariana de Arquitectos.
264 1 _aBogotá :
_bSociedad Bolivariana de Arquitectos,
_c[1983].
300 _apag. varia :
_bilustraciones ;
_c34 cm.
336 _atext
_2rdacontent
337 _aunmediated
_2rdamedia
338 _avolume
_2rdacarrier
490 0 _aPaquetes temáticos ;
_v26
500 _aISSN: 0120-6702
500 _aLa Revista Escala publica monografías títuladas como : "Paquetes temáticos" cubre temas especificos, recopilados de los artículos publicados en la misma revista.
504 _aIncluye bibliografía.
505 0 _aGeneralidades -- Reseña histórica de los edificios industriales -- Construcciones industriales a partir de bloques modulares -- La arquitectura en las artes gráficas -- La arquitectura de los periódicos -- Organización de talleres en periodicos -- Periodismo electrónico e informática -- Zona franca industrial -- Coliseo de ferias y exposiciones -- Coliseo de ferias -- Artículos complementarios -- El romance de la oportunidad -- La arquitectura en mi opinión necesita de todos nuestros cuidados.
526 _aP158
526 _aP146
526 _aP17
526 _aP12
526 _aP06
650 0 4 _aArquitectura colombiana
_vPublicaciones seriadas.
650 0 4 _aArquitectura
_xDiseños y planos
_vPublicaciones seriadas.
650 0 4 _aArte colombiano
_xSiglo XX
_vPublicaciones seriadas.
650 0 4 _aIngeniería
_zColombia
_vPublicaciones seriadas.
910 _agl
942 _2ddc
_cBOOK
949 _a720.986105 E78 26
_wDEWEY
_c1
_i63803
_lCCODEBUL1
_mBUL
_p43.00
_r0
_sY
_tLIBRO
_u2015-07-06
_xINGENIERIA
_o.STAFF. Colección General
999 _c52694
_d52694
980 _81
_gALBERTO SANCHEZ Responsable de Automatización